00479 2200169 4500001002100000005001500021035002000036007000300056008004100059020002200100100001900122245005300141250001100194260003500205300004600240650002300286INLIS00000000000063820221128121949 a0010-1122000232ta221128 a 1 ind  a978-602-317-632-10 aShinta Handini1 aAku Tidak Menyakiti Ayah Bunda /cShinta Handini aCet. I aSurakarta :bZiyadbooks,c2021 a24 halaman :bilustrasi berwarna ;c20 cm 4aBacaan Anak Muslim